Compañeros de equipo de Carlos Sainz Jr. en Formula 1 - Estadísticas

Estadísticas generales
  • Esta prueba ha sido intentada 699 veces
    283 desde el último reinicio
  • La puntuación promedio es 5 de 7
Estadísticas de respuestas
Año(s) Nº de GPs Piloto % Correcto
2021-2024 90 Charles Leclerc
99%
2025- - Alexander Albon
97%
2019-2020 38 Lando Norris
96%
2015-2016 23 Max Verstappen
92%
2017-2018 25 Nico Hülkenberg
67%
2017 2 Pierre Gasly
49%
2016-2017 31 Daniil Kvyat
46%
No se encontraron pruebas coincidentes
Distribución de puntuación
Porcentaje de gente con cada puntuación
Porcentaje por número respondido
Historial de tus puntuaciones
No has intentado esta prueba desde el último reinicio